[Event "Yerevan op 2nd"]
[Site "Yerevan"]
[Date "2017.09.26"]
[Round "8"]
[White "Rezanezhad, Mojtaba"]
[Black "Piliposyan, Gor"]
[Result "1/2-1/2"]
[WhiteElo "1822"]
[BlackElo "1464"]
[PlyCount "88"]
[EventDate "2017.09.19"]
[EventType "swiss"]
[EventRounds "9"]
[EventCountry "ARM"]
[SourceTitle "EXT 2018"]
[Source "ChessBase"]
[SourceDate "2017.10.13"]
[SourceVersion "1"]
[SourceVersionDate "2017.10.13"]
[SourceQuality "1"]

1. d4 Nf6 2. Nf3 e6 3. e3 b6 4. b3 Bb7 5. Bb2 Be7 6. Bd3 0-0 7. Nbd2 d6 8. 0-0 Nbd7 9. Qe2 c5 10. a3 d5 11. c4 Rc8 12. Rac1 a6 13. Ne5 cxd4 14. exd4 Nxe5 15. dxe5 Nd7 16. cxd5 Bxd5 17. Bxa6 Rxc1 18. Rxc1 Nc5 19. Bc4 Bxc4 20. Rxc4 Qd3 21. Qxd3 Nxd3 22. Bd4 Bxa3 23. Bxb6 Nxe5 24. Ra4 Bc1 25. Nc4 Nd7 26. Ra1 Bg5 27. Bc7 h6 28. f4 Bf6 29. Rd1 Nc5 30. b4 Rc8 31. Be5 Bxe5 32. Nxe5 Ne4 33. Rb1 Nc3 34. Rb3 Nb5 35. Kf2 Kf8 36. Nd7+ Ke7 37. Nc5 Rb8 38. Ke3 Nd6 39. Kd3 Rd8 40. Kc3 Nb5+ 41. Kc4 Nd6+ 42. Kc3 Nb5+ 43. Kc4 Nd6+ 44. Kc3 Nb5+ 1/2-1/2

[Event "Yerevan op 2nd"]
[Site "Yerevan"]
[Date "2017.09.20"]
[Round "2"]
[White "Rezanezhad, Mojtaba"]
[Black "Barseghyan, Armen Ar"]
[Result "1/2-1/2"]
[WhiteElo "1822"]
[BlackElo "2020"]
[PlyCount "102"]
[EventDate "2017.09.19"]
[EventType "swiss"]
[EventRounds "9"]
[EventCountry "ARM"]
[SourceTitle "CBM 180 Extra"]
[Source "ChessBase"]
[SourceDate "2017.10.06"]
[SourceVersion "1"]
[SourceVersionDate "2017.10.06"]
[SourceQuality "1"]

1. d4 Nf6 2. Nf3 e6 3. e3 c5 4. Bd3 d5 5. b3 Nc6 6. 0-0 Bd6 7. dxc5 Bxc5 8. Bb2 0-0 9. Nbd2 Re8 10. c4 Bb6 11. a3 a5 12. Rc1 Qe7 13. Qc2 h6 14. e4 dxe4 15. Nxe4 e5 16. h3 Nh5 17. Nc3 Be6 18. Nd5 Bxd5 19. cxd5 Nd4 20. Nxd4 Bxd4 21. Bxd4 exd4 22. Qc7 Qg5 23. f4 Qe7 24. Qxe7 Rxe7 25. Rc4 Rd8 26. Rxd4 Nf6 27. Bc4 b5 28. Bxb5 Rxd5 29. Rxd5 Nxd5 30. Bc6 Nc3 31. Bf3 Nb5 32. b4 Nxa3 33. bxa5 Ra7 34. Rc1 Rxa5 35. Rc8+ Kh7 36. Rc7 f5 37. Bh5 Nb5 38. Rc6 Ra8 39. Bg6+ Kg8 40. Bxf5 Nd4 41. Rc8+ Rxc8 42. Bxc8 Ne2+ 43. Kf2 Nxf4 44. Kf3 g5 45. g3 Ng6 46. Kg4 Kg7 47. h4 Kf6 48. hxg5+ hxg5 49. Kf3 Ne7 50. Bd7 Nf5 51. Kg4 Ne7 1/2-1/2

[Event "Yerevan op 2nd"]
[Site "Yerevan"]
[Date "2017.09.19"]
[Round "1"]
[White "Bagaturov, Giorgi"]
[Black "Rezanezhad, Mojtaba"]
[Result "1/2-1/2"]
[WhiteElo "2400"]
[BlackElo "1822"]
[PlyCount "96"]
[EventDate "2017.09.19"]
[EventType "swiss"]
[EventRounds "9"]
[EventCountry "ARM"]
[SourceTitle "CBM 180 Extra"]
[Source "ChessBase"]
[SourceDate "2017.10.06"]
[SourceVersion "1"]
[SourceVersionDate "2017.10.06"]
[SourceQuality "1"]

1. d4 Nf6 2. Nf3 g6 3. c4 Bg7 4. g3 d6 5. Bg2 0-0 6. Nc3 Nbd7 7. 0-0 e5 8. e4 exd4 9. Nxd4 Nc5 10. h3 Re8 11. Re1 c6 12. b3 Qb6 13. Be3 Nfd7 14. Qc2 a5 15. Rab1 Qc7 16. Rbd1 Na6 17. Qd2 Ndc5 18. Nde2 Nb4 19. Rf1 Nbd3 20. Na4 Bf8 21. Bh6 Bxh6 22. Qxh6 f5 23. Nac3 Qg7 24. Qxg7+ Kxg7 25. exf5 Bxf5 26. Rd2 Rad8 27. Rfd1 Nb4 28. Rxd6 Rxd6 29. Rxd6 Nxa2 30. g4 Bc2 31. Nd4 Nxc3 32. Nxc2 Ne2+ 33. Kh2 Re7 34. b4 axb4 35. Nxb4 Nc3 36. Nd3 Nxd3 37. Rxd3 Na4 38. Ra3 Nc5 39. Kg3 g5 40. h4 gxh4+ 41. Kxh4 Re2 42. Ra5 Ne6 43. Ra7 Nd8 44. Ra8 Rxf2 45. Rxd8 Rxg2 46. Rd7+ Kg6 47. Rd6+ Kg7 48. Rd7+ Kg6 1/2-1/2